[Event "Minsk Kupreichik Memorial op"]
[Site "Minsk"]
[Date "2018.06.23"]
[Round "9"]
[White "Naumovich, Yaroslav"]
[Black "Kalugin, Sergey V"]
[Result "1/2-1/2"]
[WhiteElo "1884"]
[BlackElo "2394"]
[PlyCount "56"]
[EventDate "2018.06.21"]
[EventType "swiss (rapid)"]
[EventRounds "11"]
[EventCountry "BLR"]
[SourceTitle "CBM 185 Extra"]
[Source "ChessBase"]
[SourceDate "2018.07.29"]
[SourceVersion "1"]
[SourceVersionDate "2018.07.29"]
[SourceQuality "1"]

1. Nf3 Nf6 2. d4 g6 3. g3 Bg7 4. Bg2 0-0 5. 0-0 d6 6. c4 c6 7. Nc3 a6 8. a4 a5 9. e4 Na6 10. b3 Bg4 11. Bb2 Nd7 12. Re1 e5 13. Ne2 Re8 14. h3 Bxf3 15. Bxf3 Nb4 16. Rb1 h5 17. h4 exd4 18. Bxd4 Ne5 19. Bg2 Ned3 20. Rf1 Bxd4 21. Nxd4 Qf6 22. Nc2 Qc3 23. Nxb4 axb4 24. Qf3 Re6 25. Rfd1 Nc5 26. Qxc3 bxc3 27. Rdc1 Nxe4 28. Bxe4 Rxe4 1/2-1/2

[Event "Minsk Kupreichik Memorial op"]
[Site "Minsk"]
[Date "2018.06.21"]
[Round "1"]
[White "Kalugin, Sergey V"]
[Black "Kolosovskaya, Olga"]
[Result "1-0"]
[WhiteElo "2394"]
[BlackElo "1900"]
[PlyCount "75"]
[EventDate "2018.06.21"]
[EventType "swiss (rapid)"]
[EventRounds "11"]
[EventCountry "BLR"]
[SourceTitle "CBM 185 Extra"]
[Source "ChessBase"]
[SourceDate "2018.07.29"]
[SourceVersion "1"]
[SourceVersionDate "2018.07.29"]
[SourceQuality "1"]

1. e4 c5 2. Nf3 e6 3. d4 cxd4 4. Nxd4 Nf6 5. Bd3 Nc6 6. Nxc6 bxc6 7. 0-0 d5 8. Nd2 Be7 9. c4 0-0 10. Qe2 Bb7 11. b3 a5 12. Bb2 a4 13. Rfd1 a3 14. Be5 Nd7 15. Bg3 d4 16. Nf3 c5 17. e5 g6 18. Be4 Qb6 19. h4 h5 20. Bf4 Kg7 21. Bg5 Bxg5 22. Nxg5 Rae8 23. Nf3 Nb8 24. Rac1 Na6 25. Ng5 Nb4 26. Rd2 Bc6 27. Qf3 Bxe4 28. Nxe4 Qc7 29. Qf6+ Kg8 30. Qg5 Kg7 31. Nf6 Re7 32. Nxh5+ Kh7 33. Nf6+ Kg7 34. Re1 Nc6 35. Rd3 Nb4 36. Rg3 d3 37. h5 d2 38. Qxd2 1-0

[Event "RUS-chT2"]
[Site "Sochi"]
[Date "2018.05.05"]
[Round "5.5"]
[White "Kalugin, Sergey V"]
[Black "Dilmukhametov, Artur"]
[Result "0-1"]
[WhiteElo "2398"]
[BlackElo "2348"]
[PlyCount "78"]
[EventDate "2018.05.01"]
[EventType "team-swiss"]
[EventRounds "9"]
[EventCountry "RUS"]
[SourceTitle "CBM 184 Extra"]
[Source "ChessBase"]
[SourceDate "2018.06.28"]
[SourceVersion "1"]
[SourceVersionDate "2018.06.28"]
[SourceQuality "1"]
[WhiteTeam "Smolensk Region Monastyr"]
[BlackTeam "Sverdlovsk Region"]
[WhiteTeamCountry "RUS"]
[BlackTeamCountry "RUS"]

1. e4 e6 2. d4 d5 3. e5 c5 4. c3 Qb6 5. Nf3 Nc6 6. a3 Nh6 7. b4 cxd4 8. cxd4 Nf5 9. Bb2 Be7 10. h4 h5 11. Bd3 g6 12. Bxf5 gxf5 13. Nc3 Rg8 14. g3 Bd7 15. Bc1 Rc8 16. Ne2 a5 17. bxa5 Nxa5 18. 0-0 Qb3 19. Nf4 Rc3 20. Kg2 Bb5 21. Re1 Qxd1 22. Rxd1 Nb3 23. Rb1 Kd7 24. Nd2 Ba4 25. Nxb3 Rxb3 26. Rxb3 Bxb3 27. Rd2 Bc4 28. Nxh5 Bxh4 29. Rb2 Kc6 30. Bd2 Be7 31. Ba5 Bd8 32. Bb4 Bb6 33. Rd2 Ra8 34. Rd1 Ba5 35. Bd6 Bc3 36. Kf3 Bb2 37. Kf4 Be2 38. Rh1 Rh8 39. f3 Rxh5 0-1

[Event "RUS Central Region-chT"]
[Site "Lipetsk"]
[Date "2017.12.06"]
[Round "5.3"]
[White "Kalugin, Sergey V"]
[Black "Astafurov, Arseniy"]
[Result "1-0"]
[WhiteElo "2416"]
[BlackElo "2152"]
[PlyCount "87"]
[EventDate "2017.12.03"]
[EventType "team-swiss"]
[EventRounds "7"]
[EventCountry "RUS"]
[SourceTitle "CBM 182 Extra"]
[Source "ChessBase"]
[SourceDate "2018.02.23"]
[SourceVersion "1"]
[SourceVersionDate "2018.02.23"]
[SourceQuality "1"]
[WhiteTeam "SDU SOR Region "]
[BlackTeam "Tambov Region"]
[WhiteTeamCountry "RUS"]
[BlackTeamCountry "RUS"]

1. e4 c5 2. Nf3 e6 3. d4 cxd4 4. Nxd4 Nc6 5. Nc3 Qc7 6. Be3 a6 7. Qf3 Nf6 8. 0-0-0 Ne5 9. Qg3 b5 10. f4 Neg4 11. Bg1 b4 12. Na4 Nh6 13. e5 Nd5 14. Bd3 Qa5 15. b3 Nc3 16. Nxe6 fxe6 17. Bb6 Qd5 18. Nxc3 Qc6 19. Na4 Bb7 20. Rd2 Qc8 21. Bxh7 Rxh7 22. Qg6+ Nf7 23. Qxh7 Bc6 24. Nb2 Qb7 25. Be3 a5 26. Rhd1 a4 27. bxa4 Rc8 28. Qd3 Be7 29. Qd4 b3 30. axb3 Bb4 31. Rd3 Be4 32. Nc4 Bxd3 33. Qxd3 Rc7 34. Bd2 Be7 35. g4 Kf8 36. f5 Kg8 37. Ba5 Rxc4 38. Qxc4 Nxe5 39. Qc7 Qe4 40. fxe6 Ba3+ 41. Kb1 Qxg4 42. Re1 Nc6 43. exd7 Qd4 44. d8Q+ 1-0

[Event "RUS Central Region-chT"]
[Site "Lipetsk"]
[Date "2017.12.05"]
[Round "4.2"]
[White "Airapetian, Gor"]
[Black "Kalugin, Sergey V"]
[Result "1/2-1/2"]
[WhiteElo "2451"]
[BlackElo "2416"]
[PlyCount "69"]
[EventDate "2017.12.03"]
[EventType "team-swiss"]
[EventRounds "7"]
[EventCountry "RUS"]
[SourceTitle "CBM 182 Extra"]
[Source "ChessBase"]
[SourceDate "2018.02.23"]
[SourceVersion "1"]
[SourceVersionDate "2018.02.23"]
[SourceQuality "1"]
[WhiteTeam "Lipetsk EGU Region"]
[BlackTeam "SDU SOR Region "]
[WhiteTeamCountry "RUS"]
[BlackTeamCountry "RUS"]

1. d4 Nf6 2. Nf3 g6 3. c4 Bg7 4. Nc3 0-0 5. e4 d6 6. Be2 Na6 7. Bg5 h6 8. Bf4 e5 9. dxe5 Nh5 10. Be3 dxe5 11. Qc1 Kh7 12. 0-0 c6 13. c5 Nc7 14. Rd1 Qe7 15. Nd2 Nf4 16. Nc4 Nxe2+ 17. Nxe2 Be6 18. Nd6 Rab8 19. Qc2 Rfd8 20. b4 Ne8 21. Rd3 Rd7 22. Rad1 Rbd8 23. a3 Nxd6 24. cxd6 Rxd6 25. Bxa7 Rxd3 26. Rxd3 Rxd3 27. Qxd3 b5 28. Bc5 Qb7 29. Nc3 Qa8 30. Nd1 Bc4 31. Qc3 Qd8 32. Ne3 Be6 33. Qc2 Qa8 34. Qc3 Qd8 35. Qc2 1/2-1/2

[Event "Livny"]
[Site "Livny"]
[Date "2017.07.09"]
[Round "9"]
[White "Domogaev, Sergey"]
[Black "Kalugin, Sergey V"]
[Result "1/2-1/2"]
[WhiteElo "2395"]
[BlackElo "2414"]
[PlyCount "39"]
[EventDate "2017.07.01"]
[EventType "tourn"]
[EventRounds "9"]
[EventCountry "RUS"]
[EventCategory "6"]
[SourceTitle "EXT 2018"]
[Source "ChessBase"]
[SourceDate "2017.10.13"]
[SourceVersion "1"]
[SourceVersionDate "2017.10.13"]
[SourceQuality "1"]

1. d4 Nf6 2. Nf3 e6 3. g3 b6 4. Bg2 Bb7 5. 0-0 Be7 6. a4 c5 7. c3 0-0 8. Bg5 h6 9. Bf4 Nd5 10. Bxb8 Rxb8 11. e4 Nf6 12. e5 Ne4 13. Nbd2 Nxd2 14. Nxd2 cxd4 15. cxd4 Bxg2 16. Kxg2 Qc8 17. Rc1 Qb7+ 18. Qf3 Qxf3+ 19. Kxf3 Rfc8 20. Rfd1 1/2-1/2

[Event "Livny"]
[Site "Livny"]
[Date "2017.07.04"]
[Round "4"]
[White "Fernandez, Daniel"]
[Black "Kalugin, Sergey V"]
[Result "1/2-1/2"]
[WhiteElo "2464"]
[BlackElo "2414"]
[PlyCount "92"]
[EventDate "2017.07.01"]
[EventType "tourn"]
[EventRounds "9"]
[EventCountry "RUS"]
[EventCategory "6"]
[SourceTitle "EXT 2018"]
[Source "ChessBase"]
[SourceDate "2017.10.13"]
[SourceVersion "1"]
[SourceVersionDate "2017.10.13"]
[SourceQuality "1"]

1. d4 Nf6 2. c4 g6 3. Nc3 Bg7 4. e4 d6 5. Nf3 0-0 6. Be2 e5 7. 0-0 Nbd7 8. Be3 Re8 9. Qc2 exd4 10. Nxd4 Nc5 11. f3 a5 12. Rad1 Qe7 13. Rfe1 c6 14. Bf1 a4 15. b4 axb3 16. axb3 Bd7 17. b4 Ne6 18. Qd2 Nh5 19. Nce2 Nxd4 20. Nxd4 Be5 21. g3 Ra3 22. Bg2 Rea8 23. Rc1 c5 24. bxc5 dxc5 25. Nb5 Rxe3 26. Rxe3 Bxb5 27. cxb5 Bd4 28. Kh1 Bxe3 29. Qxe3 b6 30. Bf1 Ng7 31. Bc4 Nf5 32. Qc3 Nd4 33. Kg2 Ra5 34. Ra1 Rxa1 35. Qxa1 Kg7 36. Qa3 Qg5 37. Qc3 h5 38. h4 Qe5 39. Qd2 Qf6 40. Qe3 Qe5 41. Qd2 Qe8 42. Qg5 Nxb5 43. e5 Nd4 44. Qf6+ Kf8 45. Qh8+ Ke7 46. Qf6+ Kf8 1/2-1/2

[Event "Rilsk"]
[Site "Rilsk"]
[Date "2017.01.24"]
[Round "8"]
[White "Kalugin, Sergey V"]
[Black "Pogosyan, Georgiy"]
[Result "1-0"]
[WhiteElo "2410"]
[BlackElo "2377"]
[PlyCount "109"]
[EventDate "2017.01.20"]
[EventType "tourn"]
[EventRounds "13"]
[EventCountry "RUS"]
[EventCategory "7"]
[SourceTitle "EXT 2018"]
[Source "ChessBase"]
[SourceDate "2017.10.13"]
[SourceVersion "1"]
[SourceVersionDate "2017.10.13"]
[SourceQuality "1"]

1. e4 c5 2. d4 cxd4 3. c3 d5 4. exd5 Qxd5 5. cxd4 Nc6 6. Nf3 e5 7. Nc3 Bb4 8. Bd2 Bxc3 9. Bxc3 e4 10. Ne5 Nh6 11. Bc4 Qd6 12. 0-0 0-0 13. Re1 Bf5 14. h3 Rad8 15. Nxc6 bxc6 16. Qa4 Rfe8 17. Re3 Rd7 18. Rae1 Kh8 19. f3 Qg6 20. g4 Rde7 21. Bb4 Rb7 22. a3 Rd8 23. Bc3 Qd6 24. Qc2 Be6 25. Bxe6 Qxe6 26. Rxe4 Qd5 27. Re8+ Ng8 28. Qf5 Qd6 29. Kg2 h6 30. Qc5 Qxc5 31. dxc5 Rxe8 32. Rxe8 Kh7 33. Rd8 Ne7 34. b4 Nd5 35. Bd2 f6 36. h4 Kg6 37. h5+ Kf7 38. Kg3 Ne7 39. Kf2 Rc7 40. f4 Rc8 41. Rd7 Ra8 42. Rc7 Ke8 43. Ke2 Kd8 44. Rb7 a6 45. f5 Ke8 46. Bf4 Rd8 47. Bd6 Nc8 48. Rxg7 Nxd6 49. Rg8+ Ke7 50. Rxd8 Kxd8 51. cxd6 Kd7 52. Kd3 Kxd6 53. Kd4 Kc7 54. Kc5 Kb7 55. g5 1-0

[Event "Rilsk"]
[Site "Rilsk"]
[Date "2017.01.23"]
[Round "7"]
[White "Domogaev, Sergey"]
[Black "Kalugin, Sergey V"]
[Result "1/2-1/2"]
[WhiteElo "2435"]
[BlackElo "2410"]
[PlyCount "56"]
[EventDate "2017.01.20"]
[EventType "tourn"]
[EventRounds "13"]
[EventCountry "RUS"]
[EventCategory "7"]
[SourceTitle "EXT 2018"]
[Source "ChessBase"]
[SourceDate "2017.10.13"]
[SourceVersion "1"]
[SourceVersionDate "2017.10.13"]
[SourceQuality "1"]

1. d4 d5 2. c4 e6 3. Nc3 Nf6 4. Bg5 Be7 5. e3 0-0 6. Nf3 Nbd7 7. Rc1 c6 8. Bd3 dxc4 9. Bxc4 Nd5 10. Bxe7 Qxe7 11. 0-0 Nxc3 12. Rxc3 e5 13. dxe5 Nxe5 14. Nxe5 Qxe5 15. Qb3 Qe7 16. Rd1 Bf5 17. Bd3 Bxd3 18. Rcxd3 Rad8 19. Rxd8 Rxd8 20. Rxd8+ Qxd8 21. Kf1 Qd2 22. g3 b5 23. Qa3 Qd1+ 24. Kg2 Qd5+ 25. Kf1 Qd1+ 26. Kg2 Qd5+ 27. Kf1 Qd1+ 28. Kg2 Qd5+ 1/2-1/2

[Event "Rilsk"]
[Site "Rilsk"]
[Date "2017.01.22"]
[Round "4"]
[White "Kalugin, Sergey V"]
[Black "Sadikhov, Ulvi Ramil Oglu"]
[Result "0-1"]
[WhiteElo "2410"]
[BlackElo "2422"]
[PlyCount "102"]
[EventDate "2017.01.20"]
[EventType "tourn"]
[EventRounds "13"]
[EventCountry "RUS"]
[EventCategory "7"]
[SourceTitle "EXT 2018"]
[Source "ChessBase"]
[SourceDate "2017.10.13"]
[SourceVersion "1"]
[SourceVersionDate "2017.10.13"]
[SourceQuality "1"]

1. e4 d6 2. d4 Nf6 3. Nc3 e5 4. Nf3 Nbd7 5. Bc4 Be7 6. 0-0 0-0 7. Re1 c6 8. a4 a5 9. h3 Nb6 10. Bb3 Nfd7 11. Be3 exd4 12. Bxd4 Nc5 13. Bxc5 dxc5 14. Qxd8 Rxd8 15. Ne5 Be6 16. Bxe6 fxe6 17. Nf3 Nc4 18. b3 Nd2 19. Rad1 Bf6 20. Rxd2 Rxd2 21. Nxd2 Bxc3 22. Re2 Rd8 23. Nf3 Kf7 24. Re3 Rd1+ 25. Kh2 Bd4 26. Nxd4 cxd4 27. Rf3+ Ke7 28. e5 c5 29. Rg3 g6 30. c3 Kd7 31. Rf3 Kc6 32. cxd4 cxd4 33. Kg3 Rc1 34. Rf8 Kd5 35. Kf3 Kxe5 36. Rf7 b6 37. Rxh7 Rc3+ 38. Ke2 Rxb3 39. h4 Rb4 40. g4 Rxa4 41. h5 gxh5 42. gxh5 Rb4 43. h6 Rb3 44. Rb7 a4 45. h7 Rh3 46. Rxb6 Rxh7 47. Ra6 Rh4 48. Kd3 Rh3+ 49. Ke2 a3 50. Ra5+ Ke4 51. Ra4 e5 0-1

[Event "Dubna"]
[Site "Dubna"]
[Date "2015.12.05"]
[Round "13"]
[White "Pourramezanali, Amirreza"]
[Black "Kalugin, Sergey V"]
[Result "1/2-1/2"]
[WhiteElo "2463"]
[BlackElo "2386"]
[PlyCount "81"]
[EventDate "2015.11.28"]
[EventType "tourn"]
[EventRounds "13"]
[EventCountry "RUS"]
[EventCategory "6"]
[SourceTitle "EXT 2017"]
[Source "ChessBase"]
[SourceDate "2016.10.25"]
[SourceVersion "1"]
[SourceVersionDate "2016.10.25"]
[SourceQuality "1"]

1. e4 c5 2. c3 d5 3. exd5 Qxd5 4. d4 Nf6 5. Nf3 e6 6. Na3 Nc6 7. Nb5 Qd7 8. dxc5 Bxc5 9. Qxd7+ Kxd7 10. Bf4 Nd5 11. Rd1 Ke7 12. Bg3 a6 13. Nbd4 Nxd4 14. Nxd4 Rd8 15. Be2 a5 16. 0-0 a4 17. Nb5 Bd7 18. Nc7 Nxc7 19. Bxc7 Rdc8 20. Bg3 Bc6 21. Rd2 Rd8 22. Rfd1 Rxd2 23. Rxd2 Rd8 24. Rxd8 Kxd8 25. Kf1 Bd5 26. a3 Kd7 27. Bd3 g6 28. f3 f6 29. Bf2 Kd6 30. Bxc5+ Kxc5 31. Kf2 e5 32. Ke3 f5 33. Bc2 b5 34. g3 Bc4 35. h4 Be6 36. Bb1 Bd5 37. h5 Kd6 38. hxg6 hxg6 39. Bc2 Bc4 40. Bb1 Kd5 41. Bc2 1/2-1/2

[Event "Dubna"]
[Site "Dubna"]
[Date "2015.11.29"]
[Round "3"]
[White "Kalugin, Sergey V"]
[Black "Gusev, Aleksey"]
[Result "1/2-1/2"]
[WhiteElo "2386"]
[BlackElo "2399"]
[PlyCount "80"]
[EventDate "2015.11.28"]
[EventType "tourn"]
[EventRounds "13"]
[EventCountry "RUS"]
[EventCategory "6"]
[SourceTitle "EXT 2017"]
[Source "ChessBase"]
[SourceDate "2016.10.25"]
[SourceVersion "1"]
[SourceVersionDate "2016.10.25"]
[SourceQuality "1"]

1. d4 d5 2. c4 dxc4 3. e3 e6 4. Bxc4 Nf6 5. Nf3 c5 6. 0-0 a6 7. a4 Nc6 8. Nc3 Be7 9. Qe2 cxd4 10. Rd1 e5 11. exd4 exd4 12. Nxd4 Nxd4 13. Qe5 Qd6 14. Qxd6 Bxd6 15. Rxd4 Bc5 16. Rd1 0-0 17. Bg5 Bg4 18. Re1 Rac8 19. Bxf6 gxf6 20. Bd5 Rc7 21. Re4 Bd7 22. Rae1 Kg7 23. g3 Rd8 24. Rd1 Bh3 25. Rh4 Be6 26. Kg2 Bb6 27. Bxe6 Rxd1 28. Nxd1 fxe6 29. Rb4 Bc5 30. Rc4 f5 31. Ne3 b5 32. axb5 axb5 33. Rc3 Kf6 34. f4 Bb6 35. Rxc7 Bxc7 36. Kf3 Bb6 37. Nc2 e5 38. fxe5+ Kxe5 39. Na3 Bd4 40. Nxb5 Bxb2 1/2-1/2

[Event "RUS-chT2"]
[Site "Sochi"]
[Date "2015.05.04"]
[Round "4.4"]
[White "Savenkov, Konstantin"]
[Black "Kalugin, Sergey V"]
[Result "0-1"]
[WhiteElo "2320"]
[BlackElo "2389"]
[PlyCount "80"]
[EventDate "2015.05.01"]
[EventType "team-swiss"]
[EventRounds "7"]
[EventCountry "RUS"]
[SourceTitle "CBM 166 Extra"]
[Source "ChessBase"]
[SourceDate "2015.06.18"]
[SourceVersion "1"]
[SourceVersionDate "2015.06.18"]
[SourceQuality "1"]
[WhiteTeam "Moscow Our Heritage U20"]
[BlackTeam "Tula Region Dolphin"]
[WhiteTeamCountry "RUS"]
[BlackTeamCountry "RUS"]

1. e4 c5 2. Nf3 e6 3. d3 Nc6 4. g3 d5 5. Nbd2 Nf6 6. Bg2 g6 7. 0-0 Bg7 8. exd5 Nxd5 9. Nb3 b6 10. d4 c4 11. Nbd2 Nxd4 12. Nxd4 Bxd4 13. Nxc4 Bg7 14. Na3 Rb8 15. c4 Ne7 16. Qe2 e5 17. Rd1 Bd7 18. Nb5 0-0 19. Nxa7 Qc7 20. Nb5 Bxb5 21. cxb5 Nf5 22. Be3 Nd4 23. Bxd4 exd4 24. a4 Rfe8 25. Qd3 Qd6 26. Qc4 Rbd8 27. Ra3 Re5 28. b4 Qe7 29. Bf1 Re4 30. Rdd3 Bf8 31. Rab3 Ra8 32. a5 bxa5 33. bxa5 Rxa5 34. Rxd4 Re1 35. Kg2 Raa1 36. Bd3 Rac1 37. Bc2 Qb7+ 38. Kh3 Re5 39. Rf4 Rh5+ 40. Kg4 Rc5 0-1

[Event "Tula Novikov Memorial"]
[Site "Tula"]
[Date "2014.08.01"]
[Round "13"]
[White "Sevdimaliyev, Urfan"]
[Black "Kalugin, Sergey V"]
[Result "1/2-1/2"]
[WhiteElo "2377"]
[BlackElo "2384"]
[PlyCount "27"]
[EventDate "2014.07.21"]
[EventType "tourn"]
[EventRounds "13"]
[EventCountry "RUS"]
[EventCategory "6"]
[SourceTitle "EXT 2015"]
[Source "ChessBase"]
[SourceDate "2014.11.20"]
[SourceVersion "1"]
[SourceVersionDate "2014.11.20"]
[SourceQuality "1"]

1. d4 d5 2. c4 c6 3. Nf3 Nf6 4. cxd5 cxd5 5. Nc3 Nc6 6. Bf4 Bf5 7. e3 e6 8. Bd3 Bxd3 9. Qxd3 Bd6 10. Bxd6 Qxd6 11. 0-0 0-0 12. Rac1 Rfc8 13. a3 a6 14. h3 1/2-1/2

[Event "Tula Novikov Memorial"]
[Site "Tula"]
[Date "2014.07.31"]
[Round "12"]
[White "Kalugin, Sergey V"]
[Black "Gusev, Aleksey"]
[Result "1/2-1/2"]
[WhiteElo "2384"]
[BlackElo "2409"]
[PlyCount "55"]
[EventDate "2014.07.21"]
[EventType "tourn"]
[EventRounds "13"]
[EventCountry "RUS"]
[EventCategory "6"]
[SourceTitle "EXT 2015"]
[Source "ChessBase"]
[SourceDate "2014.11.20"]
[SourceVersion "1"]
[SourceVersionDate "2014.11.20"]
[SourceQuality "1"]

1. e4 e5 2. Nf3 Nc6 3. Nc3 Nf6 4. Bb5 Nd4 5. Nxe5 Qe7 6. Nf3 Nxb5 7. Nxb5 Qxe4+ 8. Qe2 Qxe2+ 9. Kxe2 Nd5 10. c4 a6 11. cxd5 axb5 12. d3 d6 13. Re1 Be7 14. Bg5 Bxg5 15. Nxg5 h6 16. Kd2+ Kd7 17. Nf3 Re8 18. Rxe8 Kxe8 19. a3 c5 20. dxc6 bxc6 21. Nd4 Bd7 22. Re1+ Kf8 23. Nc2 c5 24. d4 Bc6 25. f3 Re8 26. dxc5 dxc5 27. Rxe8+ Bxe8 28. b4 1/2-1/2

[Event "Tula Novikov Memorial"]
[Site "Tula"]
[Date "2014.07.29"]
[Round "10"]
[White "Kalugin, Sergey V"]
[Black "Golovin, Nikolay M"]
[Result "1-0"]
[WhiteElo "2384"]
[BlackElo "2344"]
[PlyCount "97"]
[EventDate "2014.07.21"]
[EventType "tourn"]
[EventRounds "13"]
[EventCountry "RUS"]
[EventCategory "6"]
[SourceTitle "EXT 2015"]
[Source "ChessBase"]
[SourceDate "2014.11.20"]
[SourceVersion "1"]
[SourceVersionDate "2014.11.20"]
[SourceQuality "1"]

1. d4 Nf6 2. c4 e6 3. g3 d5 4. Bg2 dxc4 5. Nf3 c5 6. 0-0 Nc6 7. Ne5 Bd7 8. Na3 cxd4 9. Naxc4 Bc5 10. Qb3 0-0 11. Bf4 Nxe5 12. Bxe5 Bc6 13. Bxc6 bxc6 14. Rad1 Qd5 15. e3 Rfd8 16. Bxd4 Bxd4 17. Rxd4 Qb5 18. Qd3 Rxd4 19. Qxd4 c5 20. Qd3 Qa6 21. a3 g6 22. e4 Qc6 23. f3 Rb8 24. Rf2 Kg7 25. Rd2 Qb5 26. g4 h5 27. g5 Nd7 28. Qc3+ Kg8 29. Nd6 Qb3 30. Nxf7 Qxc3 31. bxc3 Kxf7 32. Rxd7+ Kg8 33. Rxa7 Rb3 34. a4 Rxc3 35. Kg2 Ra3 36. Re7 Rxa4 37. Rxe6 Kf7 38. Rc6 Rc4 39. Kg3 Rc2 40. Rc7+ Kg8 41. h4 c4 42. Kf4 Rc3 43. e5 Kf8 44. Ke4 Rc1 45. Kd5 Rf1 46. e6 Rxf3 47. Rxc4 Ke7 48. Rc7+ Kd8 49. Rg7 1-0

[Event "Tula Novikov Memorial"]
[Site "Tula"]
[Date "2014.07.25"]
[Round "4"]
[White "Brikov, Illarion"]
[Black "Kalugin, Sergey V"]
[Result "1/2-1/2"]
[WhiteElo "2401"]
[BlackElo "2384"]
[PlyCount "88"]
[EventDate "2014.07.21"]
[EventType "tourn"]
[EventRounds "13"]
[EventCountry "RUS"]
[EventCategory "6"]
[SourceTitle "EXT 2015"]
[Source "ChessBase"]
[SourceDate "2014.11.20"]
[SourceVersion "1"]
[SourceVersionDate "2014.11.20"]
[SourceQuality "1"]

1. e4 e5 2. Nf3 Nc6 3. c3 Nf6 4. d4 Nxe4 5. d5 Nb8 6. Nxe5 Bd6 7. Nd3 0-0 8. Be3 Re8 9. Be2 Bf8 10. Nd2 Nxd2 11. Qxd2 d6 12. 0-0-0 Nd7 13. Rhe1 Ne5 14. Nxe5 dxe5 15. Kb1 Bf5+ 16. Bd3 Bxd3+ 17. Qxd3 Qh4 18. g3 Qg4 19. Qe2 Qxe2 20. Rxe2 Rad8 21. Kc2 a6 22. a4 Rd7 23. c4 f6 24. a5 Kf7 25. Kc3 e4 26. b4 g6 27. b5 Ra8 28. bxa6 Rxa6 29. Rb2 Rxa5 30. Rxb7 Bd6 31. Bd4 h5 32. Rdb1 Ra3+ 33. R1b3 Ra5 34. R7b5 Ra1 35. c5 Be7 36. Kc4 Rc1+ 37. Rc3 Ra1 38. Be3 Ra4+ 39. Kb3 Ra1 40. Kb2 Ra8 41. c6 Rdd8 42. Bf4 Rac8 43. Rc4 g5 44. Be3 f5 1/2-1/2

[Event "Tula Sinitsin Memorial"]
[Site "Tula"]
[Date "2014.04.02"]
[Round "4"]
[White "Kalugin, Sergey V"]
[Black "Tishin, Petr"]
[Result "1-0"]
[WhiteElo "2377"]
[BlackElo "2421"]
[PlyCount "99"]
[EventDate "2014.03.31"]
[EventType "tourn"]
[EventRounds "13"]
[EventCountry "RUS"]
[EventCategory "6"]
[SourceTitle "EXT 2015"]
[Source "ChessBase"]
[SourceDate "2014.11.20"]
[SourceVersion "1"]
[SourceVersionDate "2014.11.20"]
[SourceQuality "1"]

1. c4 e5 2. g3 Nf6 3. Bg2 c6 4. d4 exd4 5. Qxd4 d5 6. Nf3 Be7 7. cxd5 cxd5 8. 0-0 Nc6 9. Qa4 0-0 10. Be3 Ne4 11. Nd4 Bf6 12. Bxe4 dxe4 13. Nxc6 bxc6 14. Nd2 Bxb2 15. Rab1 Be5 16. Rfd1 Bf5 17. Nxe4 Qc7 18. Rbc1 Rfd8 19. Rxd8+ Rxd8 20. Nd2 Qe7 21. Qxc6 g6 22. Nf3 Bf6 23. Qa4 Re8 24. Kg2 Kg7 25. a3 Be4 26. Rd1 Qe6 27. Qxa7 Ra8 28. Qc5 Be7 29. Qd4+ f6 30. Qd7 Bf5 31. Qxe6 Bxe6 32. Bc1 Bxa3 33. Bxa3 Rxa3 34. Rd6 Kf7 35. Nd4 Bc8 36. Rd8 Be6 37. f3 Ra7 38. g4 Rb7 39. Kg3 Ra7 40. h4 Rb7 41. e4 Ra7 42. g5 fxg5 43. hxg5 Rb7 44. Rd6 Bc8 45. Rf6+ Kg7 46. e5 Re7 47. f4 Re8 48. e6 Re7 49. f5 Re8 50. Kf4 1-0

[Event "Tula Sinitsin Memorial"]
[Site "Tula"]
[Date "2014.04.01"]
[Round "2"]
[White "Kalugin, Sergey V"]
[Black "Aghasiyev, Kamal"]
[Result "1/2-1/2"]
[WhiteElo "2377"]
[BlackElo "2381"]
[PlyCount "84"]
[EventDate "2014.03.31"]
[EventType "tourn"]
[EventRounds "13"]
[EventCountry "RUS"]
[EventCategory "6"]
[SourceTitle "EXT 2015"]
[Source "ChessBase"]
[SourceDate "2014.11.20"]
[SourceVersion "1"]
[SourceVersionDate "2014.11.20"]
[SourceQuality "1"]

1. e4 e5 2. Nf3 Nc6 3. Bb5 a6 4. Bxc6 dxc6 5. 0-0 f6 6. d4 Bg4 7. c3 Bd6 8. Be3 Ne7 9. Nbd2 Qc8 10. Qc2 0-0 11. dxe5 fxe5 12. Kh1 h6 13. Ng1 Ng6 14. f3 Be6 15. Rfd1 c5 16. b3 Nf4 17. Bxf4 exf4 18. Qb2 Be5 19. Nc4 Bxc4 20. bxc4 Rb8 21. Qa3 Qe6 22. Qxc5 Bxc3 23. Rac1 Be5 24. Rd5 Rfe8 25. Qb4 Rbd8 26. a4 Qb6 27. Qxb6 cxb6 28. Ne2 Rc8 29. Kg1 Rc6 30. Rc2 Kf7 31. Kf2 Ke6 32. Nc1 Rec8 33. Nd3 Bd6 34. e5 Bc5+ 35. Nxc5+ Rxc5 36. Rd6+ Kxe5 37. Rxb6 Rxc4 38. Re2+ Kd5 39. Rd2+ Rd4 40. Rxd4+ Kxd4 41. Rxb7 Rc2+ 42. Kf1 Rc1+ 1/2-1/2

[Event "Voronezh op 16th"]
[Site "Voronezh"]
[Date "2012.06.21"]
[Round "9"]
[White "Kalugin, Sergey V"]
[Black "Kharitonov, Alexandr"]
[Result "1/2-1/2"]
[WhiteElo "2366"]
[BlackElo "2547"]
[PlyCount "80"]
[EventDate "2012.06.12"]
[EventType "swiss"]
[EventRounds "9"]
[EventCountry "RUS"]
[SourceTitle "CBM 149 Extra"]
[Source "ChessBase"]
[SourceDate "2012.08.24"]
[SourceVersion "1"]
[SourceVersionDate "2012.08.24"]
[SourceQuality "1"]

1. e4 c6 2. c4 d5 3. cxd5 cxd5 4. exd5 Nf6 5. Bb5+ Nbd7 6. Nc3 a6 7. Be2 Nb6 8. d4 Nbxd5 9. Nf3 e6 10. 0-0 Be7 11. Ne5 b5 12. Nxd5 Nxd5 13. Nc6 Qd6 14. Nxe7 Qxe7 15. a4 b4 16. a5 0-0 17. Qb3 Bb7 18. Bd2 Rab8 19. Rac1 Rfc8 20. Bf3 h6 21. Rxc8+ Rxc8 22. Bxd5 Bxd5 23. Qxb4 Qf6 24. Bc3 Qg6 25. f3 Kh7 26. Qd6 Rc6 27. Qe5 f6 28. Qe3 Qc2 29. Rc1 Qb3 30. Qd3+ g6 31. Re1 Kg7 32. Qe3 g5 33. h4 Qc2 34. hxg5 hxg5 35. Rc1 Qf5 36. Bd2 Rxc1+ 37. Bxc1 g4 38. Qf4 Qxf4 39. Bxf4 gxf3 40. gxf3 Bxf3 1/2-1/2